| 000 | 01244nam0a2200289 4500 | ||
|---|---|---|---|
| 001 | RU\NLR\ONL1\14892 | ||
| 005 | 20250613122206.0 | ||
| 035 | _a(NLR Aleph) 009643633 | ||
| 090 |
_a9556535 _c9556535 |
||
| 100 | _a20090729d1975 |||y0rusy50 ca | ||
| 101 | 0 | _amdf | |
| 102 | _aRU | ||
| 105 | _ay ||||||||| | ||
| 200 | 1 |
_aМетодическяй разработкат "Родной вал" 3-це классонь учебникти _e(учительхненди пособия) _fМ. И. Гавычева, М. В. Кондрашкин, И. Ф. Никулкин |
|
| 210 |
_aСаранск _cМорд. кн. изд-вась _d1975 |
||
| 215 |
_a150 с. _d21 |
||
| 541 | 1 |
_aМетодические разработки к учебнику "Родной вал" для 3 класса _zrus |
|
| 606 | 0 |
_aМокшанский язык _xПреподавание _xСредняя школа _92175816 _3RU\NLR\auth-onl\66264 |
|
| 686 | 1 | _aЧ426.151 | |
| 700 | 1 |
_aГавычева _bМ. И. _gМария Ивановна _4070 |
|
| 701 | 1 |
_aКондрашкин _bМ. В. _4070 |
|
| 701 | 1 |
_aНикулкин _bИ. Ф. _4070 |
|
| 801 | 0 |
_aRU _bNLR _c20090729 _gPSBO |
|
| 852 |
_aNLR _bОНЛ _jМорд.м./3-2365 |
||
| 942 | _cBOOK | ||
| 980 | _aNB | ||